书目信息 |
| 题名: |
深入浅出Embedding
|
|
| 作者: | 吴茂贵 , 王红星 著 | |
| 分册: | ||
| 出版信息: | 北京 机械工业出版社 2021.06 |
|
| 页数: | XI, 308页 | |
| 开本: | 24cm | |
| 丛书名: | 智能系统与技术丛书 | |
| 单 册: | ||
| 中图分类: | TP183 | |
| 科图分类: | ||
| 主题词: | 人工神经网络--ren gong shen jing wang luo--研究 | |
| 电子资源: | ||
| ISBN: | 978-7-111-68064-2 | |
| 000 | 01481nam 2200301 450 | |
| 001 | 202021190607 | |
| 005 | 20211025120124.0 | |
| 010 | @a978-7-111-68064-2@dCNY99.00 | |
| 100 | @a20210919d2021 em y0chiy50 ea | |
| 101 | 0 | @achi |
| 102 | @aCN@b110000 | |
| 105 | @aa z 000yy | |
| 106 | @ar | |
| 200 | 1 | @a深入浅出Embedding@Ashen ru qian chu Embedding@e原理解析与应用实践@d= Embedding inside out@eprinciple analysis and application practice@f吴茂贵, 王红星著@zeng |
| 210 | @a北京@c机械工业出版社@d2021.06 | |
| 215 | @aXI, 308页@c图@d24cm | |
| 225 | 2 | @a智能系统与技术丛书@Azhi neng xi tong yu ji shu cong shu |
| 314 | @a吴茂贵, 资深大数据和人工智能技术专家。王红星, 高级数据科学家。 | |
| 330 | @a本书分为两部分, 共16章。第y部分为Embedding基础知识 (第1-9章) , 重点介绍了Embedding技术的发展历史及z新应用, 并对各种预训练模型涉及的基础知识做了详细说明, 如语言模型、迁移学习、注意力机制、预训练模型、推荐系统等。第二部分为Embedding应用实例 (第10-16章) , 以实例为主介绍了Embedding技术的多种应用, 以及如何使用新技术解决NLP方面的一些问题。 | |
| 410 | 0 | @12001 @a智能系统与技术丛书 |
| 510 | 1 | @aEmbedding inside out@eprinciple analysis and application practice@zeng |
| 517 | 1 | @a原理解析与应用实践@Ayuan li jie xi yu ying yong shi jian |
| 606 | 0 | @a人工神经网络@Aren gong shen jing wang luo@x研究 |
| 690 | @aTP183@v5 | |
| 701 | 0 | @a吴茂贵@Awu mao gui@4著 |
| 701 | 0 | @a王红星@Awang hong xing@4著 |
| 801 | 0 | @aCN@c20210909 |
| 905 | @a河南城建学院图书馆@dTP183@eW831 | |
| 深入浅出Embedding:原理解析与应用实践= Embedding inside out:principle analysis and application practice/吴茂贵, 王红星著.-北京:机械工业出版社,2021.06 |
| XI, 308页:图;24cm.-(智能系统与技术丛书) |
| ISBN 978-7-111-68064-2:CNY99.00 |
| 本书分为两部分, 共16章。第y部分为Embedding基础知识 (第1-9章) , 重点介绍了Embedding技术的发展历史及z新应用, 并对各种预训练模型涉及的基础知识做了详细说明, 如语言模型、迁移学习、注意力机制、预训练模型、推荐系统等。第二部分为Embedding应用实例 (第10-16章) , 以实例为主介绍了Embedding技术的多种应用, 以及如何使用新技术解决NLP方面的一些问题。 |
| ● |
| 相关链接 |
|
|
|
正题名:深入浅出Embedding
索取号:TP183/W831
 
预约/预借
| 序号 | 登录号 | 条形码 | 馆藏地/架位号 | 状态 | 备注 |
| 1 | 1539875 | 215398754 | 自科库301/301自科库 69排1列2层/ [索取号:TP183/W831] | 在馆 | |
| 2 | 1539876 | 215398763 | 自科库301/301自科库 69排1列2层/ [索取号:TP183/W831] | 在馆 |